[Event "Niederoesterreichische Landesliga 2014/2015"]
[Site "NOE"]
[Date "2014.11.23"]
[Round "4"]
[Board "2"]
[White "Knoll, Hermann"]
[Black "Juhasz, Armin"]
[Result "1/2-1/2"]
[WhiteElo "2307"]
[BlackElo "2298"]
[PlyCount "58"]
[EventDate "2014.10.05"]
[EventType "team"]
[EventRounds "11"]
[EventCountry "AUT"]
[WhiteTeam "Schachklub Mostarrichi"]
[BlackTeam "Sparkasse Bad Voeslau/Kottingbrunn"]

1. b3 d5 2. Bb2 Bg4 3. f3 Bf5 4. f4 e6 5. e3 Nf6 6. Nf3 h6 7. Be2 Nbd7 8. O-O
Be7 9. c4 c6 10. cxd5 cxd5 11. Nd4 Bh7 12. d3 O-O 13. Nd2 Qb6 14. h3 Nc5 15.
N2f3 Na4 16. bxa4 Qxb2 17. Rb1 Qxa2 18. Rxb7 Bc5 19. Qb3 Qxb3 20. Rxb3 Bb6 21.
Rc1 Nd7 22. a5 Bxa5 23. Rb7 Nf6 24. Nc6 Bb6 25. Kf2 Kh8 26. Nfe5 Bg8 27. Ra1 d4
28. exd4 Nd5 29. g3 Rac8  1/2-1/2

[Event "Niederoesterreichische Landesliga 2014/2015"]
[Site "NOE"]
[Date "2014.11.23"]
[Round "4"]
[Board "3"]
[White "Lechner, Daniel"]
[Black "Ehs, Dominik"]
[Result "1-0"]
[WhiteElo "2211"]
[BlackElo "2056"]
[PlyCount "51"]
[EventDate "2014.10.05"]
[EventType "team"]
[EventRounds "11"]
[EventCountry "AUT"]
[WhiteTeam "Sparkasse Bad Voeslau/Kottingbrunn"]
[BlackTeam "Schachklub Mostarrichi"]

1. d4 Nf6 2. c4 g6 3. Nc3 Bg7 4. g3 d6 5. Bg2 O-O 6. Nf3 Nc6 7. O-O e5 8. d5
Ne7 9. e4 Nd7 10. Ne1 f5 11. Nd3 b6 12. f4 fxe4 13. Nxe4 Nf5 14. Kh1 Re8 15.
fxe5 Nxe5 16. Bg5 Qd7 17. Nxe5 Rxe5 18. Qd2 Qe8 19. Rae1 Qa4 20. g4 Ne7 21. Bf6
Bxg4 22. Bxe5 Bxe5 23. Qg5 Qd7 24. Nf6+ Bxf6 25. Rxf6 Rf8 26. Rxe7  1-0

[Event "Niederoesterreichische Landesliga 2014/2015"]
[Site "NOE"]
[Date "2014.11.23"]
[Round "4"]
[Board "4"]
[White "Poell, Markus"]
[Black "Brehovsky, Paul"]
[Result "0-1"]
[WhiteElo "2070"]
[BlackElo "2138"]
[PlyCount "58"]
[EventDate "2014.10.05"]
[EventType "team"]
[EventRounds "11"]
[EventCountry "AUT"]
[WhiteTeam "Schachklub Mostarrichi"]
[BlackTeam "Sparkasse Bad Voeslau/Kottingbrunn"]

1. d4 e6 2. Nf3 Nf6 3. g3 d5 4. Bg2 Be7 5. O-O O-O 6. c4 c6 7. Nc3 Nbd7 8. Qc2
dxc4 9. e4 b5 10. Ng5 e5 11. Ne2 Bb7 12. Rd1 Qb6 13. a4 a5 14. h3 exd4 15. Nxd4
Bc5 16. Nf5 Ne5 17. Be3 Bxe3 18. Nxe3 h6 19. Nf3 Nd3 20. Ne1 Nc5 21. Rd6 Rfd8
22. Rad1 Rxd6 23. Rxd6 Rd8 24. e5 Rxd6 25. exd6 Nxa4 26. Nxc4 Qd8 27. Na3 Qxd6
28. Nxb5 Qe5 29. Nd3 Qxb5  0-1

[Event "Niederoesterreichische Landesliga 2014/2015"]
[Site "NOE"]
[Date "2014.11.23"]
[Round "4"]
[Board "1"]
[White "Danner, Lambert"]
[Black "Lendwai, Reinhard"]
[Result "0-1"]
[WhiteElo "2115"]
[BlackElo "2350"]
[PlyCount "36"]
[EventDate "2014.10.05"]
[EventType "team"]
[EventRounds "11"]
[EventCountry "AUT"]
[WhiteTeam "KSV Boehlerwerk"]
[BlackTeam "SK Advisory Invest Baden 2"]

1. g3 d5 2. c4 d4 3. Nf3 c5 4. b4 f6 5. e3 e5 6. bxc5 Bxc5 7. Ba3 Bxa3 8. Nxa3
Nc6 9. Qb3 Nge7 10. Bg2 O-O 11. O-O Kh8 12. Rfd1 Rb8 13. exd4 e4 14. Ne1 Bg4
15. f3 Nxd4 16. Qe3 exf3 17. Bxf3 Nef5 18. Qf4 Bxf3  0-1

[Event "Niederoesterreichische Landesliga 2014/2015"]
[Site "NOE"]
[Date "2014.11.23"]
[Round "4"]
[Board "3"]
[White "Strobel, Ferdinand"]
[Black "Juenger, Heinz"]
[Result "1/2-1/2"]
[WhiteElo "2086"]
[BlackElo "2117"]
[PlyCount "25"]
[EventDate "2014.10.05"]
[EventType "team"]
[EventRounds "11"]
[EventCountry "AUT"]
[WhiteTeam "KSV Boehlerwerk"]
[BlackTeam "SK Advisory Invest Baden 2"]

1. f4 {0} Nf6 2. Nf3 d5 3. g3 g6 4. Bg2 Bg7 5. O-O O-O 6. c3 c5 7. d3 Nc6 8.
Na3 b6 9. Qa4 Bd7 10. Qc2 Qb8 11. e4 dxe4 12. dxe4 e5 13. Nc4  1/2-1/2

[Event "Niederoesterreichische Landesliga 2014/2015"]
[Site "NOE"]
[Date "2014.11.23"]
[Round "4"]
[Board "4"]
[White "Rudolf, Herbert"]
[Black "Neumann, Christian"]
[Result "1-0"]
[WhiteElo "2144"]
[BlackElo "1991"]
[PlyCount "69"]
[EventDate "2014.10.05"]
[EventType "team"]
[EventRounds "11"]
[EventCountry "AUT"]
[WhiteTeam "SK Advisory Invest Baden 2"]
[BlackTeam "KSV Boehlerwerk"]

1. e4 c6 2. d4 d5 3. Nc3 dxe4 4. Nxe4 Bf5 5. Ng3 Bg6 6. h4 h6 7. Nf3 Nd7 8. h5
Bh7 9. Bd3 Bxd3 10. Qxd3 Ngf6 11. Bf4 Nd5 12. Bd2 e6 13. O-O-O Be7 14. Qe2 O-O
15. c4 N5f6 16. Ne5 a5 17. f4 Bb4 18. f5 Re8 19. Bf4 Bf8 20. Qf3 Nb6 21. Rhe1
Qc8 22. Be3 Nbd7 23. fxe6 Rxe6 24. Bf4 Qe8 25. Nf5 Rd8 26. Bg3 a4 27. Kb1 a3
28. b3 Ra8 29. Nd3 Ne4 30. Nf4 Ng5 31. Qd3 Re4 32. Nh3 Bb4 33. Nxg5 Rxe1 34.
Nxh6+ Kf8 35. Nh7+  1-0

[Event "Niederoesterreichische Landesliga 2014/2015"]
[Site "NOE"]
[Date "2014.11.23"]
[Round "4"]
[Board "1"]
[White "Groetz, Harald"]
[Black "Wetscherek, Gerhard"]
[Result "1-0"]
[WhiteElo "2312"]
[BlackElo "2077"]
[PlyCount "69"]
[EventDate "2014.10.05"]
[EventType "team"]
[EventRounds "11"]
[EventCountry "AUT"]
[WhiteTeam "SV Stockerau 2"]
[BlackTeam "SG Bisamberg/Korneuburg"]

1. e4 d6 2. d4 g6 3. Be3 Bg7 4. Qd2 c5 5. Ne2 cxd4 6. Nxd4 Nc6 7. Nc3 Nf6 8. f3
h5 9. Bc4 Bd7 10. O-O-O Rc8 11. Bb3 Na5 12. Kb1 Nc4 13. Bxc4 Rxc4 14. Nde2 Qa5
15. h4 b5 16. Bd4 Kf8 17. e5 dxe5 18. Bxe5 Bc6 19. Nd4 Be8 20. Qd3 a6 21. Rhe1
Qb6 22. Ne4 Nxe4 23. Bxg7+ Kxg7 24. Qxe4 Rf8 25. Qxe7 Kg8 26. Re4 Rc7 27. Qg5
Rc5 28. Qe3 Rc8 29. g4 hxg4 30. h5 gxf3 31. Qxf3 Bc6 32. Qf6 Qd8 33. Re7 Be4
34. h6 Bxc2+ 35. Ka1  1-0

[Event "Niederoesterreichische Landesliga 2014/2015"]
[Site "NOE"]
[Date "2014.11.23"]
[Round "4"]
[Board "2"]
[White "Schmidrathner, Christian"]
[Black "Schmid, Thomas"]
[Result "1/2-1/2"]
[WhiteElo "2075"]
[BlackElo "2193"]
[PlyCount "39"]
[EventDate "2014.10.05"]
[EventType "team"]
[EventRounds "11"]
[EventCountry "AUT"]
[WhiteTeam "SG Bisamberg/Korneuburg"]
[BlackTeam "SV Stockerau 2"]

1. e4 c5 2. Nf3 d6 3. d4 cxd4 4. Nxd4 Nf6 5. Nc3 a6 6. Bg5 e6 7. f4 Qb6 8. Qd2
Nc6 9. O-O-O Qxd4 10. Qxd4 Nxd4 11. Rxd4 h6 12. Bh4 Be7 13. e5 dxe5 14. fxe5
Nd7 15. Bg3 b6 16. Ne4 Bb7 17. Nd6+ Bxd6 18. Rxd6 Ke7 19. Rg1 Rhc8 20. Be2
 1/2-1/2

[Event "Niederoesterreichische Landesliga 2014/2015"]
[Site "NOE"]
[Date "2014.11.23"]
[Round "4"]
[Board "3"]
[White "Batyte, Daiva"]
[Black "Pammer, Andreas"]
[Result "0-1"]
[WhiteElo "2101"]
[BlackElo "2103"]
[PlyCount "144"]
[EventDate "2014.10.05"]
[EventType "team"]
[EventRounds "11"]
[EventCountry "AUT"]
[WhiteTeam "SV Stockerau 2"]
[BlackTeam "SG Bisamberg/Korneuburg"]

1. c4 e6 2. g3 d5 3. Bg2 c6 4. Qc2 Nf6 5. Nf3 Be7 6. O-O O-O 7. d3 Nbd7 8. Nc3
Re8 9. b3 Bf8 10. Bb2 dxc4 11. dxc4 Qc7 12. Rad1 e5 13. e3 a5 14. a3 Nc5 15. b4
axb4 16. axb4 Na6 17. b5 Nc5 18. bxc6 bxc6 19. Ng5 Bg4 20. Rd2 Bh5 21. Nge4
Nfxe4 22. Nxe4 Bg6 23. h4 Ra2 24. Qb1 Ra4 25. h5 Bxh5 26. Nxc5 Bxc5 27. Qe4 Ra6
28. Qh4 Bb4 29. Rc2 Bg6 30. e4 f6 31. Qg4 Bf7 32. Qe2 Rd8 33. c5 Ra5 34. Bc3
Bxc3 35. Rxc3 Rd4 36. Rb1 Qa7 37. Rcc1 g6 38. Rb6 Rxc5 39. Rcb1 Rc1+ 40. Kh2
Rxb1 41. Rxb1 c5 42. Qb5 c4 43. Qc6 Qe7 44. Rb7 Qd6 45. Qc8+ Qd8 46. Qc6 Rd6
47. Qb5 Qe8 48. Qb4 Rd7 49. Rb8 Rd8 50. Rb6 Qf8 51. Qa5 Qh6+ 52. Bh3 Qd2 53.
Qxd2 Rxd2 54. Rxf6 c3 55. Be6 Bxe6 56. Rxe6 c2 57. Rc6 Rxf2+ 58. Kh3 Kg7 59.
Kg4 h6 60. Rc7+ Kf6 61. Rc8 h5+ 62. Kh3 Re2 63. Rc6+ Kg5 64. Rc5 Rxe4 65. Rxc2
Re3 66. Rc4 Kf5 67. Rc8 g5 68. Rf8+ Ke4 69. Rg8 h4 70. Rxg5 Rxg3+ 71. Rxg3 hxg3
72. Kxg3 Ke3  0-1

[Event "Niederoesterreichische Landesliga 2014/2015"]
[Site "NOE"]
[Date "2014.11.23"]
[Round "4"]
[Board "4"]
[White "Sulzgruber, Robin"]
[Black "Gajic, Zoran"]
[Result "1-0"]
[WhiteElo "1973"]
[BlackElo "2106"]
[PlyCount "37"]
[EventDate "2014.10.05"]
[EventType "team"]
[EventRounds "11"]
[EventCountry "AUT"]
[WhiteTeam "SG Bisamberg/Korneuburg"]
[BlackTeam "SV Stockerau 2"]

1. e4 c5 2. c3 d5 3. exd5 Qxd5 4. d4 cxd4 5. cxd4 e5 6. Nf3 Nc6 7. Nc3 Bb4 8.
Bd2 Bxc3 9. Bxc3 exd4 10. Nxd4 Nf6 11. Nxc6 Qxc6 12. Bd3 Qxg2 13. Qe2+ Be6 14.
O-O-O Qg5+ 15. Kb1 O-O-O 16. Be5 Bd7 17. f4 Qg4 18. Qc2+ Bc6 19. Qxc6+  1-0

[Event "Niederoesterreichische Landesliga 2014/2015"]
[Site "NOE"]
[Date "2014.11.23"]
[Round "4"]
[Board "1"]
[White "Kleiser, Gregor"]
[Black "Wagner, Stefan"]
[Result "1-0"]
[WhiteElo "2300"]
[BlackElo "2121"]
[PlyCount "56"]
[EventDate "2014.10.05"]
[EventType "team"]
[EventRounds "11"]
[EventCountry "AUT"]
[WhiteTeam "SGM Voest Krems"]
[BlackTeam "Litschau/Eisgarn"]

1. d4 c5 2. d5 e5 3. c4 d6 4. Nc3 a6 5. e4 Be7 6. Nf3 Bg4 7. Be2 Nd7 8. O-O
Bxf3 9. Bxf3 Bg5 10. Bg4 Bxc1 11. Rxc1 Ngf6 12. Bh3 O-O 13. Qe2 g6 14. g3 Nh5
15. f4 f6 16. Be6+ Kh8 17. Qg4 Nb6 18. b3 Ng7 19. fxe5 fxe5 20. Rxf8+ Qxf8 21.
Rf1 Qe8 22. Rf7 Rb8 23. Qh4 Qd8 24. Rxb7 Na8 25. Re7 Nc7 26. Qf6 Ncxe6 27. dxe6
Qf8 28. Rf7 Qe8  1-0

[Event "Niederoesterreichische Landesliga 2014/2015"]
[Site "NOE"]
[Date "2014.11.23"]
[Round "4"]
[Board "2"]
[White "Plasil, Jiri"]
[Black "Luncescu, Christian"]
[Result "0-1"]
[WhiteElo "2120"]
[BlackElo "2193"]
[PlyCount "92"]
[EventDate "2014.10.05"]
[EventType "team"]
[EventRounds "11"]
[EventCountry "AUT"]
[WhiteTeam "Litschau/Eisgarn"]
[BlackTeam "SGM Voest Krems"]

1. e4 {0} d5 2. exd5 Qxd5 3. Nc3 Qa5 4. d4 c6 5. Nf3 Nf6 6. Bd3 Bg4 7. h3 Bh5
8. g4 Bg6 9. Ne5 Bxd3 10. Qxd3 Nbd7 11. Nxd7 Nxd7 12. Bd2 e6 13. O-O-O Bb4 14.
a3 Bxc3 15. Bxc3 Qd5 16. Kb1 O-O-O 17. Bb4 Nb6 18. Rhe1 h5 19. Bc5 hxg4 20.
hxg4 Rh2 21. Bxb6 axb6 22. f3 Rh3 23. Re3 b5 24. b3 Qd6 25. Kb2 Rdh8 26. Qc3
Qd5 27. Qc5 Qxc5 28. dxc5 Rh1 29. Rxh1 Rxh1 30. Rd3 Rf1 31. b4 f5 32. gxf5 exf5
33. Kc3 Rf2 34. Kb3 g5 35. Kc3 Kc7 36. Kd4 Rxc2 37. Ke5 f4 38. Kf5 Re2 39. Kxg5
Re3 40. Rd4 Rxf3 41. Rxf4 Rxa3 42. Kf5 Re3 43. Re4 Rxe4 44. Kxe4 b6 45. Kd4
bxc5+ 46. Kxc5 Kd7  0-1

[Event "Niederoesterreichische Landesliga 2014/2015"]
[Site "NOE"]
[Date "2014.11.23"]
[Round "4"]
[Board "3"]
[White "Woeber, Friedrich"]
[Black "Popelka, Oldrich"]
[Result "1/2-1/2"]
[WhiteElo "2165"]
[BlackElo "2080"]
[PlyCount "78"]
[EventDate "2014.10.05"]
[EventType "team"]
[EventRounds "11"]
[EventCountry "AUT"]
[WhiteTeam "SGM Voest Krems"]
[BlackTeam "Litschau/Eisgarn"]

1. e4 {0} d6 2. d4 Nf6 3. Nc3 g6 4. f4 Bg7 5. Nf3 O-O 6. Bd3 Na6 7. a3 c5 8. d5
Nc7 9. O-O Rb8 10. Qe1 b5 11. Qh4 a5 12. f5 c4 13. Be2 Na6 14. Bh6 Qb6+ 15. Kh1
Nc5 16. fxg6 fxg6 17. Ng5 Ncd7 18. Bxg7 Kxg7 19. Ne6+ Kg8 20. Nxf8 Nxf8 21.
Rxf6 exf6 22. Qxf6 Ba6 23. Bg4 Qd8 24. Be6+ Nxe6 25. Qxe6+ Kg7 26. Rf1 Bc8 27.
Qf7+ Kh8 28. Qf8+ Qxf8 29. Rxf8+ Kg7 30. Rd8 b4 31. axb4 axb4 32. Ne2 Ra8 33.
h3 Ra1+ 34. Kh2 Ba6 35. Ra8 Kf6 36. Nd4 c3 37. bxc3 bxc3 38. Nc6 Ra4 39. Rd8
Kg5  1/2-1/2

[Event "Niederoesterreichische Landesliga 2014/2015"]
[Site "NOE"]
[Date "2014.11.23"]
[Round "4"]
[Board "4"]
[White "Ptacnik, Pavel"]
[Black "Winiwarter, Felix"]
[Result "1/2-1/2"]
[WhiteElo "2015"]
[BlackElo "2162"]
[PlyCount "74"]
[EventDate "2014.10.05"]
[EventType "team"]
[EventRounds "11"]
[EventCountry "AUT"]
[WhiteTeam "Litschau/Eisgarn"]
[BlackTeam "SGM Voest Krems"]

1. e4 {0} c5 2. g3 Nc6 3. Bg2 Nf6 4. Nc3 d6 5. f4 g6 6. Nf3 Bg7 7. O-O Bg4 8.
h3 Bxf3 9. Bxf3 Qd7 10. Bg2 e6 11. d3 O-O 12. Be3 Nd4 13. g4 d5 14. e5 Ne8 15.
g5 Rc8 16. Qd2 Nf5 17. Bf2 b5 18. h4 a6 19. Bf3 h6 20. Kh2 Kh7 21. Rg1 Rh8 22.
Ne2 Bf8 23. c3 Be7 24. Kg2 Kg7 25. Rh1 Nc7 26. Ng3 hxg5 27. Nxf5+ exf5 28. hxg5
Ne6 29. Kg3 Rxh1 30. Rxh1 Rh8 31. Rxh8 Kxh8 32. d4 c4 33. Be3 Kg8 34. Qg2 Nc7
35. a3 Qe6 36. Bd2 Kf8 37. Qh1 Kg8  1/2-1/2

[Event "Niederoesterreichische Landesliga 2014/2015"]
[Site "NOE"]
[Date "2014.11.30"]
[Round "5"]
[Board "1"]
[White "Wagner, Stefan"]
[Black "Groetz, Harald"]
[Result "1/2-1/2"]
[WhiteElo "2121"]
[BlackElo "2312"]
[PlyCount "52"]
[EventDate "2014.10.05"]
[EventType "team"]
[EventRounds "11"]
[EventCountry "AUT"]
[WhiteTeam "Litschau/Eisgarn"]
[BlackTeam "SV Stockerau 2"]

1. c4 e5 2. g3 Nc6 3. Bg2 g6 4. Nc3 Bg7 5. e4 d6 6. Nge2 Be6 7. d3 Qd7 8. Nd5
Nce7 9. Be3 c6 10. Nxe7 Nxe7 11. O-O Bh3 12. Qd2 h5 13. d4 h4 14. Nc3 Bxg2 15.
Kxg2 hxg3 16. hxg3 Qh3+ 17. Kf3 f5 18. exf5 Qh5+ 19. Kg2 e4 20. Nxe4 Qh3+ 21.
Kf3 gxf5 22. Ng5 Qh5+ 23. Kg2 Qh2+ 24. Kf3 Qh5+ 25. Kg2 Qh2+ 26. Kf3 Qh5+
 1/2-1/2

[Event "Niederoesterreichische Landesliga 2014/2015"]
[Site "NOE"]
[Date "2014.11.30"]
[Round "5"]
[Board "2"]
[White "Schmid, Thomas"]
[Black "Plasil, Jiri"]
[Result "1/2-1/2"]
[WhiteElo "2193"]
[BlackElo "2120"]
[PlyCount "116"]
[EventDate "2014.10.05"]
[EventType "team"]
[EventRounds "11"]
[EventCountry "AUT"]
[WhiteTeam "SV Stockerau 2"]
[BlackTeam "Litschau/Eisgarn"]

1. e4 d5 2. exd5 Qxd5 3. Nc3 Qa5 4. d4 Nf6 5. Nf3 Bg4 6. h3 Bxf3 7. Qxf3 c6 8.
Bc4 e6 9. Bd2 Qc7 10. O-O-O Nbd7 11. g4 Nb6 12. Bb3 Nbd5 13. Nxd5 Nxd5 14. c4
Nb6 15. Ba5 Qc8 16. Kb1 Be7 17. Rhe1 O-O 18. d5 Bc5 19. dxc6 Qxc6 20. Qxc6 bxc6
21. Rd2 Rfd8 22. Red1 Rxd2 23. Rxd2 Kf8 24. f3 Ke7 25. Bc3 f6 26. h4 Rd8 27.
Rxd8 Kxd8 28. a4 h6 29. h5 Nd7 30. Bd1 Bf2 31. b4 c5 32. b5 Nb6 33. Bb3 Nd7 34.
f4 Be3 35. f5 exf5 36. gxf5 Nb6 37. a5 Nc8 38. Bc2 Bf4 39. Ka2 Bc7 40. Kb3 Kd7
41. Be4 Nd6 42. Bd3 Kc8 43. Be1 Nf7 44. Bf2 Bd6 45. Ka4 Ne5 46. Be2 Nd7 47. Bf3
Ne5 48. Bd5 Be7 49. b6 a6 50. Kb3 Bd6 51. Kc3 Nd7 52. Be6 Kd8 53. Bxd7 Kxd7 54.
Kd3 Kc6 55. Ke4 Be5 56. Be3 Bc3 57. b7 Be5 58. Bf2 Bc7  1/2-1/2

[Event "Niederoesterreichische Landesliga 2014/2015"]
[Site "NOE"]
[Date "2014.11.30"]
[Round "5"]
[Board "3"]
[White "Popelka, Oldrich"]
[Black "Batyte, Daiva"]
[Result "1/2-1/2"]
[WhiteElo "2080"]
[BlackElo "2101"]
[PlyCount "132"]
[EventDate "2014.10.05"]
[EventType "team"]
[EventRounds "11"]
[EventCountry "AUT"]
[WhiteTeam "Litschau/Eisgarn"]
[BlackTeam "SV Stockerau 2"]

1. c4 e6 2. Nc3 d5 3. cxd5 exd5 4. d4 Nf6 5. Bg5 Be7 6. e3 c6 7. Bd3 Nbd7 8.
Nf3 Ne4 9. Bxe4 Bxg5 10. Nxg5 Qxg5 11. Bf3 Qe7 12. O-O O-O 13. Rb1 Nf6 14. b4
Bf5 15. Rb2 Ne4 16. Nxe4 dxe4 17. Be2 Be6 18. Qc2 f5 19. Rc1 Rf6 20. a4 Raf8
21. b5 cxb5 22. Rxb5 Bf7 23. Qc7 Qa3 24. Rxb7 f4 25. exf4 e3 26. g3 exf2+ 27.
Kxf2 Qxa4 28. Rc4 Qa2 29. Rc2 Qd5 30. Rd2 Qf5 31. Qe5 Qh3 32. Kg1 Re6 33. Bf1
Qg4 34. Qb5 Re1 35. Rb8 Be8 36. Qc4+ Kh8 37. Re2 Rxe2 38. Qxe2 Qd7 39. Qe4 Qf7
40. Bd3 g6 41. d5 Bd7 42. Rxf8+ Qxf8 43. Qd4+ Kg8 44. d6 Qg7 45. Bc4+ Kf8 46.
Qxa7 Qc3 47. Qa8+ Be8 48. Qd5 Qc1+ 49. Kf2 Qb2+ 50. Ke3 Qc3+ 51. Qd3 Qc1+ 52.
Kf2 Qb2+ 53. Kf3 Bd7 54. Qe2 Qc3+ 55. Qd3 Bc6+ 56. Kf2 Qb2+ 57. Ke1 Qc1+ 58.
Ke2 Qb2+ 59. Ke3 Qc1+ 60. Kd4 Qg1+ 61. Kc3 Qa1+ 62. Kb4 Qa7 63. h4 Qa4+ 64. Kc5
Bd7 65. Qb3 Qc6+ 66. Kd4 Qxd6+  1/2-1/2

[Event "Niederoesterreichische Landesliga 2014/2015"]
[Site "NOE"]
[Date "2014.11.30"]
[Round "5"]
[Board "4"]
[White "Amberger, Dieter"]
[Black "Ptacnik, Pavel"]
[Result "1-0"]
[WhiteElo "2086"]
[BlackElo "2015"]
[PlyCount "79"]
[EventDate "2014.10.05"]
[EventType "team"]
[EventRounds "11"]
[EventCountry "AUT"]
[WhiteTeam "SV Stockerau 2"]
[BlackTeam "Litschau/Eisgarn"]

1. d4 d5 2. c4 c6 3. Nf3 Nf6 4. e3 e6 5. b3 Bd6 6. Bd3 O-O 7. Bb2 Nbd7 8. O-O
Qc7 9. c5 Be7 10. Nbd2 Re8 11. Qc2 h6 12. h3 Bf8 13. b4 g6 14. Ne5 Bg7 15. f4
Nxe5 16. fxe5 Nd7 17. Rxf7 Kxf7 18. Bxg6+ Kg8 19. Bxe8 Nf8 20. Rf1 Qe7 21. Bf7+
Kh8 22. Bc1 Bd7 23. e4 a5 24. a3 axb4 25. axb4 Ra1 26. Nb3 Ra4 27. Bd2 Qh4 28.
Rf4 Qe7 29. Bh5 Be8 30. Bxe8 Qxe8 31. exd5 cxd5 32. Rg4 Ra3 33. Bc1 Ra4 34. Bd2
Ra3 35. Na5 Ra1+ 36. Bc1 Qb5 37. Nb3 Ra4 38. Bd2 Qe2 39. Nc1 Ra1 40. Rxg7  1-0

[Event "Niederoesterreichische Landesliga 2014/2015"]
[Site "NOE"]
[Date "2014.11.30"]
[Round "5"]
[Board "1"]
[White "Schmidrathner, Christian"]
[Black "Hellmayr, Alois"]
[Result "1/2-1/2"]
[WhiteElo "2075"]
[BlackElo "2205"]
[PlyCount "78"]
[EventDate "2014.10.05"]
[EventType "team"]
[EventRounds "11"]
[EventCountry "AUT"]
[WhiteTeam "SG Bisamberg/Korneuburg"]
[BlackTeam "KSV Boehlerwerk"]

1. e4 c5 2. Nf3 e6 3. d4 cxd4 4. Nxd4 a6 5. c4 b6 6. Nc3 Bb7 7. Bd3 d6 8. O-O
Nf6 9. Be3 g6 10. f3 Bg7 11. Qd2 O-O 12. Bh6 Qc7 13. Bxg7 Kxg7 14. Kh1 Nbd7 15.
Rac1 Rac8 16. b3 Qc5 17. Bb1 Rfd8 18. Na4 Qc7 19. Qe3 Nc5 20. Nc3 Ncd7 21. f4
Qc5 22. Na4 Qh5 23. Nf3 b5 24. cxb5 axb5 25. Rxc8 Rxc8 26. Nb6 Nxb6 27. Qxb6
Bxe4 28. Bxe4 Nxe4 29. Qd4+ Nf6 30. Qxd6 Rc2 31. Ne5 Qe2 32. Rg1 Ng4 33. h3
Nf2+ 34. Kh2 h6 35. Nf3 Rxa2 36. Qd4+ Kg8 37. Qd8+ Kg7 38. Qd4+ Kg8 39. Qd8+
Kg7  1/2-1/2

[Event "Niederoesterreichische Landesliga 2014/2015"]
[Site "NOE"]
[Date "2014.11.30"]
[Round "5"]
[Board "4"]
[White "Danner, Lambert"]
[Black "Albadri, Samer"]
[Result "1/2-1/2"]
[WhiteElo "2115"]
[BlackElo "2059"]
[PlyCount "132"]
[EventDate "2014.10.05"]
[EventType "team"]
[EventRounds "11"]
[EventCountry "AUT"]
[WhiteTeam "KSV Boehlerwerk"]
[BlackTeam "SG Bisamberg/Korneuburg"]

1. g3 d5 2. c4 c6 3. Bg2 Nf6 4. Nf3 e6 5. O-O dxc4 6. a4 Na6 7. Qc2 Be7 8. Na3
Nb4 9. Qxc4 O-O 10. d4 b6 11. Bd2 Ba6 12. Qb3 Qd5 13. Qe3 Qe4 14. Rfe1 Nbd5 15.
Qb3 Rac8 16. e3 Qd3 17. Qxd3 Bxd3 18. Ne5 Ba6 19. Rec1 c5 20. Nb5 cxd4 21. Nxa7
Rxc1+ 22. Rxc1 dxe3 23. fxe3 Bc5 24. Kf2 Rd8 25. Nac6 Rd6 26. b4 Nxe3 27. bxc5
Rxd2+ 28. Kxe3 Rxg2 29. cxb6 Nd5+ 30. Kf3 Rxh2 31. b7 Bxb7 32. Na5 Ba6 33. Rc6
Be2+ 34. Ke4 g5 35. Nb7 Kg7 36. Nd6 f5+ 37. Kd4 f4 38. gxf4 gxf4 39. Ne8+ Kf8
40. Rxe6 f3 41. Kxd5 f2 42. Nd7+ Kf7 43. Nd6+ Kg7 44. Nf5+ Kg8 45. Rf6 h5 46.
Ne3 Rh3 47. Rxf2 Rxe3 48. Kd4 Rd3+ 49. Ke4 Rxd7 50. Rxe2 Ra7 51. Ra2 Ra5 52.
Kd4 Kf7 53. Kc4 Ke6 54. Kb4 Ra8 55. Kc5 Kd7 56. Kb6 Rb8+ 57. Ka7 Rb1 58. Rh2
Ra1 59. Rh4 Kc7 60. Ka6 Kb8 61. a5 Rg1 62. Rxh5 Rg6+ 63. Kb5 Kb7 64. a6+ Kb8
65. Re5 Rg1 66. Kb6 Rb1+  1/2-1/2

[Event "Niederoesterreichische Landesliga 2014/2015"]
[Site "NOE"]
[Date "2014.11.30"]
[Round "5"]
[Board "1"]
[White "Lendwai, Reinhard"]
[Black "Plachetka, Jan"]
[Result "0-1"]
[WhiteElo "2350"]
[BlackElo "2362"]
[PlyCount "64"]
[EventDate "2014.10.05"]
[EventType "team"]
[EventRounds "11"]
[EventCountry "AUT"]
[WhiteTeam "SK Advisory Invest Baden 2"]
[BlackTeam "Sparkasse Bad Voeslau/Kottingbrunn"]

1. d4 Nf6 2. c4 e6 3. Nc3 Bb4 4. e3 O-O 5. Nge2 d5 6. a3 Be7 7. Ng3 c5 8. dxc5
Bxc5 9. cxd5 exd5 10. Bd3 Nc6 11. Nh5 Be6 12. O-O Ne5 13. h3 Nxd3 14. Nxf6+
Qxf6 15. Qxd3 Rfd8 16. Bd2 Rac8 17. Rfc1 a6 18. Na4 Ba7 19. Ba5 Re8 20. Qd2 Qg6
21. Kh1 Bxh3 22. Qxd5 Be6 23. Qf3 Rxc1+ 24. Rxc1 Bg4 25. Qf4 Re4 26. Qc7 h6 27.
Nc3 Bf3 28. Qd8+ Kh7 29. gxf3 Re5 30. Bc7 Bb6 31. Rg1 Rh5+ 32. Bh2 Rxh2+  0-1

[Event "Niederoesterreichische Landesliga 2014/2015"]
[Site "NOE"]
[Date "2014.11.30"]
[Round "5"]
[Board "2"]
[White "Zojer, Stefan"]
[Black "Ganaus, Hannes"]
[Result "0-1"]
[WhiteElo "2084"]
[BlackElo "2322"]
[PlyCount "106"]
[EventDate "2014.10.05"]
[EventType "team"]
[EventRounds "11"]
[EventCountry "AUT"]
[WhiteTeam "Sparkasse Bad Voeslau/Kottingbrunn"]
[BlackTeam "SK Advisory Invest Baden 2"]

1. e4 c6 2. d4 d5 3. exd5 cxd5 4. Bd3 Nc6 5. c3 Nf6 6. Bf4 g6 7. h3 Bg7 8. Nf3
O-O 9. O-O b6 10. Re1 Bb7 11. Nbd2 Rc8 12. Ne5 Nxe5 13. Bxe5 e6 14. Nf3 Bh6 15.
Nh2 Bg7 16. Qf3 Ne4 17. Bxg7 Kxg7 18. Ng4 h5 19. Nh2 Qf6 20. Bxe4 dxe4 21. Qe3
Qe7 22. f3 exf3 23. Nxf3 Bxf3 24. Qxf3 Rfd8 25. Re2 Rd7 26. Rf1 Rcd8 27. Re5
Rd5 28. Rfe1 Qf6 29. Qe3 R8d7 30. Rf1 Qe7 31. Re1 Rxe5 32. Qxe5+ Qf6 33. Qe3
Rd5 34. Rf1 Qd8 35. Qe4 b5 36. a3 a5 37. Qe3 Qd6 38. Rf4 f5 39. Rf1 e5 40. dxe5
Rxe5 41. Qf3 Qc5+ 42. Kh1 Re4 43. Qd3 h4 44. Rd1 Qe5 45. Qd8 Kh6 46. Qf8+ Kh5
47. Qg8 Re2 48. Qh7+ Kg5 49. Qg8 Rxb2 50. Qd8+ Kh5 51. Qg8 Re2 52. Qh7+ Kg5 53.
Qg8 Qxc3  0-1

[Event "Niederoesterreichische Landesliga 2014/2015"]
[Site "NOE"]
[Date "2014.11.30"]
[Round "5"]
[Board "3"]
[White "Dzierzenga, Stefan"]
[Black "Lechner, Daniel"]
[Result "1/2-1/2"]
[WhiteElo "2181"]
[BlackElo "2211"]
[PlyCount "49"]
[EventDate "2014.10.05"]
[EventType "team"]
[EventRounds "11"]
[EventCountry "AUT"]
[WhiteTeam "SK Advisory Invest Baden 2"]
[BlackTeam "Sparkasse Bad Voeslau/Kottingbrunn"]

1. e4 c5 2. Nc3 a6 3. g3 b5 4. Bg2 Bb7 5. Nh3 e6 6. O-O d6 7. d3 Nf6 8. f4 Nc6
9. b3 Be7 10. Bb2 Qb6 11. Nf2 h5 12. h3 Nd4 13. Ne2 Nd7 14. c3 Nxe2+ 15. Qxe2
Bf6 16. Rad1 O-O-O 17. d4 cxd4 18. cxd4 e5 19. Qd2 exd4 20. Bxd4 Bxd4 21. Qxd4
Qxd4 22. Rxd4 Nc5 23. Rc1 Kb8 24. Rcd1 h4 25. Kh2  1/2-1/2